Treba zapojiť fantáziu
Slovenský elektrotechnický priemysel má za sebou prvé dve ťažké etapy - privatizáciu a jej následky. Rôzny osud privatizovaných fabrík. Štruktúra elektrotechnickej a elektronickej výroby na Slovensku. 10 najväčších firiem elektronického priemyslu 1999.
Enregistré dans:
| Auteur principal: | |
|---|---|
| Format: | Chapitre de livre |
| Langue: | slovaque |
| Sujets: | |
| Tags: |
Pas de tags, Soyez le premier à ajouter un tag!
|
MARC
| LEADER | 00000naa a2200000 4500 | ||
|---|---|---|---|
| 001 | r040165 | ||
| 005 | 20230920071744.1 | ||
| 041 | 0 | |a slo | |
| 044 | |a SK | ||
| 245 | 1 | 0 | |a Treba zapojiť fantáziu |c Jana Morháčová |
| 520 | |a Slovenský elektrotechnický priemysel má za sebou prvé dve ťažké etapy - privatizáciu a jej následky. Rôzny osud privatizovaných fabrík. Štruktúra elektrotechnickej a elektronickej výroby na Slovensku. 10 najväčších firiem elektronického priemyslu 1999. | ||
| 610 | 2 | 0 | |a elektrotechnika |
| 610 | 2 | 0 | |a programy výrobné |
| 610 | 2 | 0 | |a privatizácia |
| 610 | 2 | 0 | |a investície priame zahraničné |
| 610 | 2 | 0 | |a parky vedeckotechnické |
| 610 | 2 | 0 | |a elektronika |
| 610 | 2 | 0 | |a štruktúra výroby |
| 610 | 2 | 0 | |a Slovensko |
| 100 | 1 | |a Morháčová, Jana | |